| 000 | 00471nam a22001697a 4500 | ||
|---|---|---|---|
| 005 | 20251108164315.0 | ||
| 008 | 250721s9999 xx 000 0 ara d | ||
| 082 | 1 | 4 | _a796.812/عاد |
| 100 | 1 | _aالشربيني، عادل | |
| 245 | 1 | 0 |
_aالباليه القاتل : _bالكونغ فو / |
| 246 | 1 | 1 | _aTHE KILLER BALLET |
| 264 | 1 |
_a[د.م] : _b[د.ن]، _c[19-]. |
|
| 300 | _a143ص. | ||
| 650 | 1 | 7 | _aألعاب المبارزة |
| 942 |
_2ddc _cBK |
||
| 999 |
_c8907 _d8907 |
||